000 01182 a2200217 4500
001 13567
005 20260407155443.0
008 260407a2007 arg spa d
003 AR-UNSa-BCEJYS
040 _aAR-UNSa-BCEJYS
_bspa
_cAR-UNSa-BCEJYS
080 _a304.9
_xCrítica de la situación social. Planes para la mejora de la sociedad. Utopías sociales
245 1 0 _aPoderes controlados
020 _a978-987-05-3824-0
264 1 _aSalta :
_bGRAFI-MAR
_c2007
300 _a198 p.
_c20 cm.
505 _a1. Organización, administración y control del poder; 2. Instituciones sin fines de lucro; 3. Instituciones comerciales; 4. Instituciones políticos. poder político; 5. Ventajas comparativas con el sistema actual; 6. Poder legislativo judicial; 7. Ordenamiento legal basado en un sistema de codificación numeral o código legal numeral; 8. Responsables de la organización, administración y control del poder sindicaturas y auditorías exigibles
942 _cBK
590 _aniveau_biblio:m niveau_hierar:0
100 1 _aPerez, Carlos Antonio
856 4 1 _uhttps://biblioeco.unsa.edu.ar/pmb/images/libros/Poderes controlads-l118662.jpg
_yImagen de portada
_qimage/jpeg
999 _c526
_d526